000 00785cam a2200253 a 4500
001 232
003 BR-CuiBMT
005 20231030195210.0
008 230904s2012 mgb 000 0 por d
020 _a9788577006298
040 _aBR-CuiBMT
_cBR-CuiBMT
080 _22007
_a34:336.2
090 _a34:336.2
_bG589d
100 1 _aGodoy, Arnaldo Sampaio de Moraes
245 1 0 _aDireito tributário diplomático /
_cArnaldo Sampaio de Moraes Godoy.
260 _aBelo Horizonte :
_bFórum,
_c2012.
300 _a134 p. ;
_c22 cm
490 1 _aColeção Fórum de direito tributário ;
_vv. 4
504 _aInclui bibliografia.
650 _aDireito tributário
650 _aDireito internacional público
830 0 _aColeção Fórum de direito tributário ;
_v4
942 _2udc
_cLV
999 _c232
_d232